دليل الرسائل الجامعية و مستخلصاتها المودعة من الجامعات العربية في مركز الإيداع بمكتبة الجامعة الاردنية في الفترة ما بين 1/1 -30/6/2002 / (رقم التسجيلة. 113390)

تفاصيل مارك
000 -LEADER
fixed length control field 00613nam a22001337a 4500
005 - DATE AND TIME OF LATEST TRANSACTION
control field 20251108174614.0
008 - FIXED-LENGTH DATA ELEMENTS--GENERAL INFORMATION
fixed length control field 250721s2002 xx 000 0 ara d
082 14 - DEWEY DECIMAL CLASSIFICATION NUMBER
Classification number م/016.37824/دلي
245 10 - TITLE STATEMENT
Title دليل الرسائل الجامعية و مستخلصاتها المودعة من الجامعات العربية في مركز الإيداع بمكتبة الجامعة الاردنية في الفترة ما بين 1/1 -30/6/2002 /
264 1# - PRODUCTION, PUBLICATION, DISTRIBUTION, MANUFACTURE, AND COPYRIGHT NOTICE
Place of production, publication, distribution, manufacture عمان :
Name of producer, publisher, distributor, manufacturer دائرة المعلومات و الدراسات،
Date of production, publication, distribution, manufacture, or copyright notice 2002.
650 17 - SUBJECT ADDED ENTRY--TOPICAL TERM
Topical term or geographic name as entry element الرساال الجامعيه
942 ## - ADDED ENTRY ELEMENTS (KOHA)
Source of classification or shelving scheme Dewey Decimal Classification
Koha item type مراجع
المقتنيات
حالة السحب حالة الفقدان مصدر التصنيف حالة التلف غير قابل للإعارة المكتبة الرئيسية المكتبة الحالية موقع الرف تاريخ التزويد الرقم المتسلسل Total Checkouts رقم الإستدعاء الباركود تاريخ آخر ظهور تاريخ الفاتورة نوع المادة (كوها)
    Dewey Decimal Classification   Not For Loan المكتبة المركزية المكتبة المركزية مراجع 06/08/2008 598894   م/016.37824/دلي PLD00033313 28/07/2025 06/08/2008 مراجع
Implemented & Customized by: BBB with SCIT (Smart Chains for Information Technology)

Powered by Koha